000 00397nam a22001697a 4500
003 OSt
005 20211010101630.0
008 211010b |||||||| |||| 00| 0 eng d
040 _cHU
082 _26TH
100 _aPAUL A.TIPLER
_9932
245 _aPHYSICS FOR SCENTISTS AND ENGINER
_bV2
250 _a6TH
260 _aNEW YORK
_bW.H
300 _aXXXI1172 P
_c29
942 _2ddc
_cBOOKS
_e6TH
_n0
999 _c11131
_d11131